Economic conditions in Japan

Gorde:
Xehetasun bibliografikoak
Formatua: Liburua
Hizkuntza:Undetermined
Argitaratua: Tokyo Bank of Tokyo 1972
Gaiak:
Etiketak: Etiketa erantsi
Etiketarik gabe, Izan zaitez lehena erregistro honi etiketa jartzen!
Thư viện lưu trữ: Trung tâm Học liệu Trường Đại học Cần Thơ
LEADER 00380nam a2200145Ia 4500
001 CTU_78890
008 210402s9999 xx 000 0 und d
082 |a 330.9 
082 |b E19 
245 0 |a Economic conditions in Japan 
260 |a Tokyo 
260 |b Bank of Tokyo 
260 |c 1972 
650 |a Economic conditions 
980 |a Trung tâm Học liệu Trường Đại học Cần Thơ